Statistics for Most Visited U.S. Cities by British Citizens

Click here to take the quiz!

General Stats

  • This quiz has been taken 49 times
  • The average score is 10 of 12

Answer Stats

Travel Share %Answer% Correct
8.0Los Angeles
100%
29.7New York
100%
4.5Boston
95%
6.7San Francisco
95%
3.0Chicago
93%
6.3Miami
93%
4.1Washington, D.C.
90%
10.6Las Vegas
83%
18.4Orlando
81%
3.3San Diego
79%
2.5Tampa
62%
2.5New Orleans
60%

Score Distribution

Percentile by Number Answered

Percent of People with Each Score

Your Score History

You have not taken this quiz